[Event "Le Touquet op-B 19th"]
[Site "Le Touquet"]
[Date "2004.10.30"]
[Round "6"]
[White "Taro, Franck"]
[Black "Fournier, Georges"]
[Result "1-0"]
[WhiteElo "1640"]
[BlackElo "1410"]
[PlyCount "33"]
[EventDate "2004.10.25"]
[EventType "swiss"]
[EventRounds "9"]
[EventCountry "FRA"]
[SourceTitle "EXT 2006"]
[Source "ChessBase"]
[SourceDate "2005.11.24"]
[SourceVersion "1"]
[SourceVersionDate "2005.11.24"]
[SourceQuality "1"]

1. e4 e5 2. Nf3 Nc6 3. Bc4 Nd4 4. Nxd4 exd4 5. c3 dxc3 6. Nxc3 d6 7. 0-0 Nf6 8. Qb3 Qe7 9. d4 g6 10. e5 dxe5 11. dxe5 Nh5 12. Re1 Qd7 13. e6 f5 14. Nd5 Qd6 15. Bg5 Bh6 16. Nxc7+ Qxc7 17. Bb5+ 1-0

[Event "Bethune op-B 24th"]
[Site "Bethune"]
[Date "2003.12.26"]
[Round "1"]
[White "Fournier, Georges"]
[Black "Rigolot, Lucie"]
[Result "0-1"]
[WhiteElo "1450"]
[BlackElo "1210"]
[PlyCount "80"]
[EventDate "2003.12.26"]
[EventType "swiss"]
[EventRounds "9"]
[EventCountry "FRA"]
[SourceTitle "EXT 2005"]
[Source "ChessBase"]
[SourceDate "2004.11.15"]
[SourceVersion "1"]
[SourceVersionDate "2004.11.15"]
[SourceQuality "1"]

1. e4 d6 2. d4 Nf6 3. Nc3 Nbd7 4. Nf3 e5 5. Bc4 Be7 6. Be3 0-0 7. Qd2 c6 8. 0-0-0 b5 9. Bd3 a6 10. dxe5 dxe5 11. a3 Bb7 12. h3 Qc7 13. g4 Bc5 14. g5 Bxe3 15. Qxe3 Ne8 16. h4 Nd6 17. h5 f6 18. Nh4 a5 19. Nf5 Nxf5 20. exf5 b4 21. Ne4 bxa3 22. Bc4+ Kh8 23. bxa3 Nb6 24. Ba2 Rad8 25. gxf6 gxf6 26. Rhg1 Nd5 27. Qh6 a4 28. Bxd5 cxd5 29. Nxf6 d4 30. Rd3 Rc8 31. Rd2 Rf7 32. Nxh7 Rxh7 33. Qf6+ Rg7 34. h6 Rcg8 35. hxg7+ Rxg7 36. Qf8+ Kh7 37. Rh1+ Bxh1 38. Rd3 Rg1+ 39. Kd2 Qa5+ 40. Ke2 Qe1# 0-1